• 首页
  • 本馆介绍
  • 公告通知
  • 最新文献
  • 馆藏检索
  • 电子资源
  • 读者导购
  • 参考咨询
  • 我的图书馆
  • 登录
  • 详细信息显示
  • 放入我的书架
  • 预约/预借图书
  • 作者相关作品
  • 分类相关作品
  • 丛书相关作品
  • 出版社相关作品

书目信息

  • 表格格式
  • 工作单格式
  • 卡片格式
题名:
儿童权利保护辅导读本
    
 
作者: ;国务院妇女儿童工作委员会办公室 编
分册:  
出版信息: 北京   中国妇女出版社  2018
页数: 236页
开本: 24cm
丛书名:
单 册:
中图分类: D922.74
科图分类:
主题词: 未成年人保护法--Wei Cheng Nian Ren Bao Hu Fa--研究--中国
电子资源:
ISBN: 978-7-5127-1623-0
000 00996nam0 2200253 450
001 012001007331
005 20131019110903.0
010    @a978-7-5127-1623-0@dCNY40.00
099    @aCAL 012019043211
100    @a20190409d2018 em y0chiy50 ea
101 0  @achi
102    @aCN@b110000
105    @ay a 000yy
106    @ar
200 1  @a儿童权利保护辅导读本@Aer tong quan li bao hu fu dao du ben@f国务院妇女儿童工作委员会办公室编
210    @a北京@c中国妇女出版社@d2018
215    @a236页@d24cm
320    @a有书目 (第233-234页)
330    @a本书共分7章,包括认识儿童、认识儿童权利、我国儿童权利的法律政策保障、联合国《儿童权利公约》、我国儿童权利保护事业发展状况、我国儿童权利保护工作体系和机制等内容。
606 0  @a未成年人保护法@AWei Cheng Nian Ren Bao Hu Fa@x研究@y中国
690    @aD922.74@v5
711 02 @a国务院妇女儿童工作委员会办公室@Aguo wu yuan fu nv er tong gong zuo wei yuan hui ban gong shi@4编
801  0 @aCN@b上海新华@c20191020
905    @b1176570-3@dD922.74@e2085@f4
    
    儿童权利保护辅导读本/国务院妇女儿童工作委员会办公室编.-北京:中国妇女出版社,2018
    236页;24cm
    
    
    ISBN 978-7-5127-1623-0:CNY40.00
    本书共分7章,包括认识儿童、认识儿童权利、我国儿童权利的法律政策保障、联合国《儿童权利公约》、我国儿童权利保护事业发展状况、我国儿童权利保护工作体系和机制等内容。
●
相关链接 在E读中查询图书 在五车中查询图书 在当当中查询图书 在豆瓣中查询图书


正题名:儿童权利保护辅导读本     索取号:D922.74/2085         预约/预借

序号 登录号 条形码 馆藏地/架位号 状态 备注
1 1176570   211765703   第一样本阅览室/ [索取号:D922.74/2085] 在馆    
2 1176571   211765712   第一借阅区/ [索取号:D922.74/2085] 在馆    
3 1176572   211765721   第一借阅区/ [索取号:D922.74/2085] 在馆    
4 1176573   211765730   第一借阅区/ [索取号:D922.74/2085] 在馆    
唐山师范学院图书馆 欢迎您!
大连网信软件有限公司© 版权所有